| 000 | 00559nam a2200217Ia 4500 | ||
|---|---|---|---|
| 003 | OSt | ||
| 005 | 20241010063737.0 | ||
| 008 | 240925s9999 xx 000 0 und d | ||
| 020 | _a9788131531691 | ||
| 040 | _csd | ||
| 082 | _a515 STE | ||
| 100 | _aStewart, James | ||
| 245 | 0 | _aCalculus Early Transcendental: with course mate | |
| 250 | _a7th | ||
| 260 |
_aNew Delhi: _bCengage Learning _c,2012. |
||
| 300 |
_a487p. _bNA _fOriginal |
||
| 500 | _aIncludes Index | ||
| 600 | _aHumanities & Natural Science | ||
| 650 | _aMathematics | ||
| 942 |
_cBK _2ddc |
||
| 999 |
_c15529 _d15529 |
||